Historia de Oaxaca /

Gespeichert in:
Bibliographische Detailangaben
1. Verfasser: Iturribarría, Jorge Fernando (autor)
Weitere Verfasser: Díaz Cárdenas, León (prólogo) (prólogo)
Format: Buch
Sprache:Spanisch
Schriftenreihe:(Biblioteca del Maestro)
Schlagworte:
Tags: Tag hinzufügen
Keine Tags, Fügen Sie das erste Tag hinzu!

MARC

LEADER 00000nam^a2200000^a^4500
001 000129884
005 20250521000000.0
009 20260310094927.518
037 |a Acervo ITESO - Biblioteca 
041 |a ESP 
082 |a 972. 74  |b ITU 
100 |a Iturribarría, Jorge Fernando  |e (autor) 
245 1 0 |a Historia de Oaxaca /  |c J.F. Iturribarria ; pról. de L. Díaz Cárdenas. 
264 |a México :  |b El Nacional,  |c 1941 
300 |a 261 p. 
336 |a texto  |b txt  |2 rdacontenido 
337 |a sin mediación  |b n  |2 rdamedio 
338 |a volumen  |b nc  |2 rdasoporte 
440 1 |a (Biblioteca del Maestro) 
649 |a XX 
650 |a Geografía -  |z Oaxaca 
650 |a Geografía -  |z México 
650 |a Oaxaca -  |x Historia -  |x Tema Principal 
650 |a México -  |x Historia 
700 |a Díaz Cárdenas, León  |e (prólogo) 
910 |a Fondo Salvador Reynoso Reynoso 
920 |a Impresos - Libros 
930 |a Fondos Especiales 
905 |a 112 
901 |a 0800011400  |b IT2  |c ESP  |u 20250521 
901 |a 0800011396  |b IT2  |c ESP  |u 20250521 
902 |a https://opac.biblio.iteso.mx/vufind/Record/000129884